000 00876cam a2200265 a 4500
001 000011992
005 20200929162640.0
008 750416s1978 cl a f000 j spas
035 _a(DLC) 74225269
035 _a(OCoLC)1280979
040 _aDO-SdBNP
_bspa
_cNIC
_dCLU
_dBNPHU
082 _aCh863.4
_bP657c, 1978
100 1 _aPino Saavedra, Yolando,
_d1901-1992.
_928385
245 1 0 _aCuentos folklóricos chilenos :
_bprimera antología. /
_cYolando Pino-Saavedra.
250 _a3a ed.
260 _aSantiago, (Chile) :
_bUniversitaria,
_c1978.
300 _a193 p. :
_bil. ;
_c19 cm.
490 1 _aCormoran
_aImágen de Chile
650 4 _aCuentos chilenos
_vCOLECCIONES
_928386
650 4 _aLiteratura folclórica
_91529
650 4 _aLiteratura chilena
_93164
830 0 _aCormoran ;
_pImágen de Chile.
_928387
910 _aCatalogación derivada
049 _aBNGR
999 _c11661
_d11661